Visualizzazione normale
Vista MARC
- Marchionni P., Di Pietro M.L., Moltisanti D., Morresi A., Sgreccia P., Arendt H., Sandel M.J.,
di Personal Name
Records bibliografici associati: 1
001 - CONTROL NUMBER
- control field: 60269
003 - CONTROL NUMBER IDENTIFIER
- control field:
005 - DATE AND TIME OF LATEST TRANSACTION
- control field: 20231016110308.0
008 - FIXED-LENGTH DATA ELEMENTS
- fixed length control field: 231016|| aca||aabn | a|a d
040 ## - CATALOGING SOURCE
- Original cataloging agency:
- Transcribing agency:
100 ## - HEADING--PERSONAL NAME
- Personal name: Marchionni P., Di Pietro M.L., Moltisanti D., Morresi A., Sgreccia P., Arendt H., Sandel M.J.,
- Personal name: Romano L., Lulli E., Porcu E., Peris C., Pellicanò P., Notarfonso D., Vari F., Casini C.
- Personal name: Casini M., Dalla Torre P., Costanzo G., Delle Foglie A., Liverani P.G
670 ## - SOURCE DATA FOUND
- Source citation: Work cat.: ()208444: Ricci Sindoni Paola 59094, La legge 40, sei anni dopo, 2010